000 00652nam a2200229Ia 4500
003 OSt
005 20220925235457.0
006 a|||||r|||| 00| 0
007 ta
008 220923b |||||||| |||| 00| 0 eng d
037 _cGeneral Book
040 _aRTL
_cRTL
_beng
041 _2eng
_aeng
082 _aX622.2.N8, M5
100 _aSingh Vimal Shankar
_9301322
245 0 _aDevelopment banking in India
260 _a New Delhi
_bDeep & Deep India
_c1985
300 _a376p. Bib p, 371-74
_ccm.
650 _aFederal Reserve Banks
942 _hX622.2.N8, M5
_cGB
_2CC
999 _c597354
_d597354